| 000 -LEADER |
| fixed length control field |
01278cam a2200385 i 4500 |
| 001 - CONTROL NUMBER |
| control field |
22518718 |
| 003 - CONTROL NUMBER IDENTIFIER |
| control field |
OSt |
| 005 - DATE AND TIME OF LATEST TRANSACTION |
| control field |
20251203101809.0 |
| 008 - FIXED-LENGTH DATA ELEMENTS--GENERAL INFORMATION |
| fixed length control field |
220421s2023 nyu c 000 1 eng |
| 010 ## - LIBRARY OF CONGRESS CONTROL NUMBER |
| LC control number |
2022002275 |
| 020 ## - INTERNATIONAL STANDARD BOOK NUMBER |
| International Standard Book Number |
9780593650264 |
| 035 ## - SYSTEM CONTROL NUMBER |
| System control number |
22518718 |
| 040 ## - CATALOGING SOURCE |
| Original cataloging agency |
DLC |
| Language of cataloging |
eng |
| Description conventions |
rda |
| Transcribing agency |
DLC |
| Modifying agency |
DLC |
| -- |
KH8 |
| 042 ## - AUTHENTICATION CODE |
| Authentication code |
pcc |
| -- |
lcac |
| 082 ## - DEWEY DECIMAL CLASSIFICATION NUMBER |
| Classification number |
FIC WHI |
| 100 1# - MAIN ENTRY--PERSONAL NAME |
| Personal name |
White, Kiersten, |
| Relator term |
author. |
| 245 10 - TITLE STATEMENT |
| Title |
Camp creepy / |
| Statement of responsibility, etc. |
Kiersten White. |
| 250 ## - EDITION STATEMENT |
| Edition statement |
First edition. |
| 264 #1 - PRODUCTION, PUBLICATION, DISTRIBUTION, MANUFACTURE, AND COPYRIGHT NOTICE |
| Place of production, publication, distribution, manufacture |
New York : |
| Name of producer, publisher, distributor, manufacturer |
Delacorte Press, |
| Date of production, publication, distribution, manufacture, or copyright notice |
[2023] |
| 300 ## - PHYSICAL DESCRIPTION |
| Extent |
viii, 269 pages ; |
| Dimensions |
22 cm. |
| 336 ## - CONTENT TYPE |
| Content type term |
text |
| Content type code |
txt |
| Source |
rdacontent |
| 337 ## - MEDIA TYPE |
| Media type term |
unmediated |
| Media type code |
n |
| Source |
rdamedia |
| 338 ## - CARRIER TYPE |
| Carrier type term |
volume |
| Carrier type code |
nc |
| Source |
rdacarrier |
| 490 0# - SERIES STATEMENT |
| Series statement |
The sinister summer series ; |
| Volume/sequential designation |
3 |
| 520 ## - SUMMARY, ETC. |
| Summary, etc. |
The Sinister-Winterbottoms, twins Alexander and Theo and their older sister Wil, find themselves at a mysterious summer camp where they meet other families whose parents are missing. |
| 521 ## - TARGET AUDIENCE NOTE |
| Target audience note |
Ages 8-12 years. |
| Source |
Delacorte Press. |
| 650 #1 - SUBJECT ADDED ENTRY--TOPICAL TERM |
| Topical term or geographic name entry element |
Twins |
| Form subdivision |
Fiction. |
| 650 #1 - SUBJECT ADDED ENTRY--TOPICAL TERM |
| Topical term or geographic name entry element |
Siblings |
| Form subdivision |
Fiction. |
| 650 #1 - SUBJECT ADDED ENTRY--TOPICAL TERM |
| Topical term or geographic name entry element |
Camps |
| Form subdivision |
Fiction |
| 650 #1 - SUBJECT ADDED ENTRY--TOPICAL TERM |
| Topical term or geographic name entry element |
Missing persons |
| Form subdivision |
Fiction. |
| 650 #1 - SUBJECT ADDED ENTRY--TOPICAL TERM |
| Topical term or geographic name entry element |
Mystery and detective stories. |
| 655 #7 - INDEX TERM--GENRE/FORM |
| Genre/form data or focus term |
Detective and mystery fiction. |
| Source of term |
lcgft |
| 655 #7 - INDEX TERM--GENRE/FORM |
| Genre/form data or focus term |
Novels. |
| Source of term |
lcgft |
| 942 ## - ADDED ENTRY ELEMENTS (KOHA) |
| Source of classification or shelving scheme |
|
| Koha item type |
Books - Fiction |